रामकृष्ण गो. भांडारकर : धर्मपर लेख व व्याख्यानें (Record no. 90588)

MARC details
000 -LEADER
fixed length control field 00763nam a2200157Ia 4500
008 - FIXED-LENGTH DATA ELEMENTS--GENERAL INFORMATION
fixed length control field 090124s9999 xx 000 0 und d
082 ## - DEWEY DECIMAL CLASSIFICATION NUMBER
Item number 19693
245 ## - TITLE STATEMENT
Title रामकृष्ण गो. भांडारकर : धर्मपर लेख व व्याख्यानें
250 ## - EDITION STATEMENT
Edition statement 1
260 ## - PUBLICATION, DISTRIBUTION, ETC. (IMPRINT)
Name of publisher, distributor, etc मनोरंजन प्रेस
Date of publication, distribution, etc 1919
300 ## - PHYSICAL DESCRIPTION
Extent 611
630 ## - SUBJECT ADDED ENTRY--UNIFORM TITLE
Uniform title रामकृष्ण गो. भांडारकर : धर्मपर लेख व व्याख्यानें
700 ## - ADDED ENTRY--PERSONAL NAME
Personal name वैद्य व्दारकानाथ गोविंद
730 ## - ADDED ENTRY--UNIFORM TITLE
Uniform title रामकृष्ण गो. भांडारकर : धर्मपर लेख व व्याख्यानें
942 ## - ADDED ENTRY ELEMENTS (KOHA)
Koha item type Book
Holdings
Withdrawn status Lost status Damaged status Not for loan Home library Current library Date acquired Cost, normal purchase price Total Checkouts Full call number Barcode Date last seen Cost, replacement price Price effective from Koha item type
        Nagar Wachan Mandir, Thane Nagar Wachan Mandir, Thane   10.00   19693 THNNWM-19693 01/24/2009 10.00 01/24/2009 Book